书目信息 |
| 题名: |
秦汉土地制度研究
|
|
| 作者: | 晋文, 著 | |
| 分册: | ||
| 出版信息: | 北京 社会科学文献出版社 2021.04 |
|
| 页数: | 14, 471页 | |
| 开本: | 24cm | |
| 丛书名: | 国家哲学社会科学成果文库 | |
| 单 册: | ||
| 中图分类: | F329.02 | |
| 科图分类: | ||
| 主题词: | 土地制度--tu di zhi du--研究--中国--秦汉时代 | |
| 电子资源: | ||
| ISBN: | 978-7-5201-7992-8 | |
| 000 | 01307nam 2200301 450 | |
| 001 | CAL 0120217180386 | |
| 005 | 20230217093112.0 | |
| 010 | @a978-7-5201-7992-8@b精装@dCNY198.00 | |
| 100 | @a20210603d2021 em y0chiy0120 ea | |
| 101 | 0 | @achi@eeng |
| 102 | @aCN@b110000 | |
| 105 | @aa a 000yy | |
| 106 | @ar | |
| 200 | 1 | @a秦汉土地制度研究@Aqin han tu di zhi du yan jiu@e以简牍材料为中心@f晋文著 |
| 210 | @a北京@c社会科学文献出版社@d2021.04 | |
| 215 | @a14, 471页@c图@d24cm | |
| 225 | 2 | @a国家哲学社会科学成果文库@Aguo jia zhe xue she hui ke xue cheng guo wen ku |
| 312 | @a英文题名取自封底 | |
| 320 | @a有书目 (第439-465页) | |
| 330 | @a本书结合传世文献, 讨论简牍材料中的土地制度, 尤其学界存在争议或尚未解决的疑难问题。书中不仅细致地研究战国秦汉的土地制度, 进一步拓展历史研究的深度和广度, 而且探寻历史规律, 努力揭示土地制度与中国古代社会的内在联系, 并总结历史经验教训, 为当今的社会发展提供一些借鉴。 | |
| 410 | 0 | @12001 @a国家哲学社会科学成果文库 |
| 510 | 1 | @aStudy of land tenure system in the Qin and Han dynasties@zeng |
| 517 | 1 | @a以简牍材料为中心@Ayi jian du cai liao wei zhong xin |
| 606 | 0 | @a土地制度@Atu di zhi du@x研究@y中国@z秦汉时代 |
| 690 | @aF329.02@v5 | |
| 701 | 0 | @a晋文,@Ajin wen@f1958-@4著 |
| 801 | 0 | @aCN@bBJXHZP@c20230228 |
| 905 | @b1387700-1@dF329.02@e225@f2 | |
| 秦汉土地制度研究:以简牍材料为中心/晋文著.-北京:社会科学文献出版社,2021.04 |
| 14, 471页:图;24cm.-(国家哲学社会科学成果文库) |
| ISBN 978-7-5201-7992-8(精装):CNY198.00 |
| 本书结合传世文献, 讨论简牍材料中的土地制度, 尤其学界存在争议或尚未解决的疑难问题。书中不仅细致地研究战国秦汉的土地制度, 进一步拓展历史研究的深度和广度, 而且探寻历史规律, 努力揭示土地制度与中国古代社会的内在联系, 并总结历史经验教训, 为当今的社会发展提供一些借鉴。 |
| ● |
| 相关链接 |
|
|
|
|
正题名:秦汉土地制度研究
索取号:F329.02/225
 
预约/预借
| 序号 | 登录号 | 条形码 | 馆藏地/架位号 | 状态 | 备注 |
| 1 | 1387700 | 213877009 | 第一样本阅览室/ [索取号:F329.02/225] | 在馆 | |
| 2 | 1387701 | 213877018 | 第一借阅区/ [索取号:F329.02/225] | 在馆 |